The ideological factor in the subordination of women: (Record no. 1232)
[ view plain ]
| 000 -LEADER | |
|---|---|
| fixed length control field | 006190000a22001810004500 |
| 005 - DATE AND TIME OF LATEST TRANSACTION | |
| control field | 20231127094054.0 |
| 008 - FIXED-LENGTH DATA ELEMENTS--GENERAL INFORMATION | |
| fixed length control field | 230817t1993 ||||| |||| 00| 0 eng d |
| 041 ## - LANGUAGE | |
| Language code of text/sound track or separate title | English |
| 080 ## - UNIVERSAL DECIMAL CLASSIFICATION NUMBER | |
| Classification Number | 305.42 |
| Call Number | THI |
| 942 ## - ADDED ENTRY ELEMENTS (KOHA) | |
| Item Type | Thesis |
| 100 ## - MAIN ENTRY--PERSONAL NAME | |
| Personal Author | Thiruchandran, Selvy |
| 245 ## - TITLE STATEMENT | |
| Title | The ideological factor in the subordination of women: |
| Remainder of title | a comparative analysis of Tamil women of Madras across caste and class |
| 260 ## - PUBLICATION, DISTRIBUTION, ETC. (IMPRINT) | |
| Date of Copyright | 1993 |
| 300 ## - PHYSICAL DESCRIPTION | |
| Extent | 309 p. |
| Physical Details | Bibliography and glossary included |
| 500 ## - GENERAL NOTE | |
| General Note | Dissertation VU Amsterdam, faculty of socio-cultural sciences. |
| 650 ## - SUBJECT ADDED ENTRY--TOPICAL TERM | |
| Topical Term | WOMEN,SUBORDINATION |
| 650 ## - SUBJECT ADDED ENTRY--TOPICAL TERM | |
| Topical Term | Tamil women-Social status |
| Withdrawn status | Lost status | Source of classification or shelving scheme | Damaged status | Not for loan | Permanent location | Current location | Date acquired | Total Checkouts | Full call number | Barcode | Date last seen | Price effective from | Koha item type |
|---|---|---|---|---|---|---|---|---|---|---|---|---|---|
| Dewey Decimal Classification | Resource center, Muslim Women's Research And Action Forum | Resource center, Muslim Women's Research And Action Forum | 2023-08-17 | 305.42 THI | RAF3196 | 2023-08-17 | 2023-08-17 | Thesis |

